000 00288nam a22001337a 4500
008 171124b xxu||||| |||| 00| 0 eng d
020 _a9780323034043
041 _aeng
080 _a616.073
100 _a6
101 _aRAD
245 _aBODY CT SECRETS
_cSTRANG,J,G
942 _2udc
_cBK
999 _c38434
_d38434